000 00684nam a2200241Ia 4500
003 OSt
005 20220918202328.0
006 a|||||r|||| 00| 0
007 ta
008 220917b |||||||| |||| 00| 0 eng d
024 _a100,410
037 _cTextual
040 _aARTS
_cARTS
_beng
041 _2eng
_aeng
082 _aV2:(Y:6).n00-M50, L9
100 _aOddie G A
_979820
245 0 _aSocial protest in India
_b British protestant missionaries and social reforms 18501900
260 _aDelhi
_bManohar
_c1979
300 _avi, 283p.
_ccm.
650 _aHISTORY
942 _hV2:(Y:6).n00-M50, L9
_cTEXL
_2CC
999 _c223939
_d223939